| 000 | 00814nam a2200217Ia 4500 | ||
|---|---|---|---|
| 005 | 20241129111508.0 | ||
| 008 | 241129s9999||||xx |||||||||||||| ||und|| | ||
| 020 | _a978-93-90702-13-8 | ||
| 037 | _aTB | ||
| 040 |
_aCRL _bhin _cCRL |
||
| 041 |
_ahin _2hin |
||
| 084 |
_aV2y7N16 152R2 _qCRL |
||
| 100 | _aशर्मा, कृष्णकांत, संपा. | ||
| 245 | 0 |
_aपं. दीनदयाल उपाध्याय सामाजिक एवं सांस्कृतिक दर्शन _cशर्मा, कृष्णकांत, संपा. |
|
| 260 |
_aदिल्ली, भारत _bकिताबवाले _c2022 |
||
| 300 | _a269पृ0 | ||
| 365 |
_aINR _b1400 |
||
| 650 | _a History | ||
| 942 |
_cTB _hV2y7N16 152R2 |
||
| 999 |
_c1230713 _d1230713 |
||